Casalinghe all'inferno /

Un intreccio di storie di donne che vivono, oggi, in una città del Nord Italia (che è Torino, ma potrebbe essere Milano o Verona). I personaggi si muovono attorno ad una figura centrale, Ada, proprietaria di una drogheria del centro, una sorta di paese nel paese, di città nella città, dove tutti si...

Бүрэн тодорхойлолт

-д хадгалсан:
Номзүйн дэлгэрэнгүй
Үндсэн зохиолч: Giacobino, Margherita (Зохиогч)
Формат: Ном
Хэл сонгох:итали
Хэвлэсэн: Milano : Baldini & Castoldi, 1996
Цуврал:Romanzi e racconti ; 48
Шошгууд: Шошго нэмэх
Шошго байхгүй, Энэхүү баримтыг шошголох эхний хүн болох!

MARC

LEADER 00000nam a22000007i 4500
001 IT\ICCU\REA\0035626
003 ItRI
005 20260115231944.0
008 960223s1996 it |||||| ||||| |||||c
020 |a 8885987494 
040 |b ita  |c importazione bologna sebina 
041 7 |a ita  |2 ISO-639-2 
100 1 |a Giacobino, Margherita  |0 IT\ICCU\CFIV\137755  |4 aut 
240 1 0 |a Casalinghe all'inferno  |3 IT\ICCU\TO1\0019660  |9 Giacobino, Margherita 
245 1 0 |a Casalinghe all'inferno /  |c Margherita Giacobino. 
260 |a Milano :  |b Baldini & Castoldi,  |c 1996 
300 |a 356 p. ;  |c 23 cm 
520 |a Un intreccio di storie di donne che vivono, oggi, in una città del Nord Italia (che è Torino, ma potrebbe essere Milano o Verona). I personaggi si muovono attorno ad una figura centrale, Ada, proprietaria di una drogheria del centro, una sorta di paese nel paese, di città nella città, dove tutti si conoscono e dove tutti vanno per scambiarsi sfoghi, pettegolezzi, racconti di vita vissuta e drammi familiari. Il tutto tra colpi di scena e situazioni estreme. 
790 1 |a Rigby, Elinor  |3 IT\ICCU\SBNV\055059  |z Giacobino, Margherita 
830 0 |a Romanzi e racconti ;  |v 48  |0 IT\ICCU\RAV\0187056 
942 |2 ddc  |c BK  |n 0 
952 |0 0  |1 0  |4 0  |6 L_853_914000000000000_GIA  |7 0  |9 17794  |a BO  |b BO  |d 2026-01-15  |i 6062  |l 0  |o L 853.914 GIA  |p BO6062  |r 2026-01-15 23:19:44  |w 2026-01-15  |x [Sebina 5] [1 v.]  |y BK  |z 1 v. 
999 |c 15135  |d 15135